03368nam a2200529Ia 45000010005000000080041000050100009000460410014000550820014000692450150000832600018002333000008002515200006002596300039002656500017003046900014003217000029003357000034003647000025003987000028004239010043004519020006004949030088005009040018005889050037006069060006006439070014006499080014006639090051006779100015007289110010007439120014007539130009007679140024007769150019008009160009008199170009008289180014008379190012008515201918008639210006027819220006027879230006027939240014027999420010028139990015028233342241029s9999 xx 000 0 und d a3144 aEspañol aNO APLICA 0aLa formación de los conceptos matemáticos en los grados de cuarto y octavo grado del Nivel Básico del Barrio Cristo Rey, Distrito Nacional  aSanto Domingo a120 a0 aProceso de Enseñanza-Aprendizaje aMatemática aElaborado easesoraCampitrus, Luis  eautoraRomero Santana, Addys  easesoraRizo, Celia  easesoraMichel, Daniel  a{"1":"Romero Santana"}b{"1":"Addys "} a3 a{"1":"Rizo","2":"Michel","3":"Campitrus"}b{"1":"Celia ","2":"Daniel ","3":"Luis "} aMagíster en aDidáctica de las Matemáticas a2 aNO APLICA aNO APLICA aUniversidad Autónoma de Santo Domingo (UASD) aNULLbNULL a["1"] aNO APLICA aNULL a26 de Junio de 2008 a20/07/15 08:07 aNULL aNULL aNO APLICA a["163"] aEl estudio se planteó como objetivo principal determinar las características en que se desarrolla el proceso de enseñanza aprendizaje de los conceptos matemáticos, en su concepción didáctica,  y en su realización práctica en los grados cuarto y octavo del Nivel Básico, de las escuelas públicas, del barrio Cristo Rey, Distrito Nacional, año 2007-2008.La presente fue una investigación de campo, de tipo descriptiva, no experimental, bajo un marco cuantitativo. Tuvo como fuente primaria de investigación, a los alumnos  de cuarto y octavo grado de los centros educativos en cuestión, seleccionados en la muestra. Además a los profesores correspondientes a dichos grados y como fuente secundaria, el currículo vigente en el nivel básico, texto, revistas y demás.      Se utilizo como técnicas para la sustentación del marco teórico, el análisis de documentos y para la recopilación de las informaciones pertinentes la encuesta, utilizando  como instrumentos el cuestionario.Entre los principales resultados del estudio, se destacan que una gran mayoría del estudiantado muestra un bajo nivel de conformidad con lo aprendido; que el término calcular  predomina por encima de resolver, esto evidencia poco conocimiento sobre didáctica y poca conciencia de su importancia. El 62 % de los estudiantes de cuarto y 65% de los octavos expresan que sus clases de matemáticas solo han aprendido a calcular.El estudio recomienda que se usen los espacios de formación pedagógica para el estudio de la didáctica, como ciencia fundamental para la construcción de conocimientos. Que se promueva el estudio de los conceptos matemáticos de una manera  más concreta y sus aplicaciones. También sugiere que los docentes de matemáticas programen y planifiquen el curso y las lecciones  de matemática, tomando en cuenta la didáctica de los conceptos. a0 a0 a0 aNO APLICA cTesis c3144d3144